LEADER 01144nam a2200181 i 4500 001 000000225804 003 CaOOAMICUS 005 20131218000000.0 008 131218s1850 it u000 u fre u 013 $a204706 040 $aSeMil$bita 245 10$aDictionnaire hagiographique ou vies des saints et des bienheureux, honorés en tout temps et en tous lieux, depuis la naissance du christianisme jusqu'a nos jours, avec un supplément ... Tome 1. A-I. 300 $a1440 col. 650 4$aAgiografia - Enciclopedie e dizionari.$0(OLS)http://semarc/subject/220 773 0 $aMigne, Jacques-Paul <1800-1875>$tEncyclopédie théologique, ou Série de dictionnaires sur toutes les parties de la science religieuse ..$dPetit-Montrouge : S'imprime et se vende chez J.-P. Migne, 1851.$g40$w()11876 850 $aSeMil 852 $aSeMil$W1$xVenegono$y1$m2S V 40 FA$j176150$B176150$CSeMilBibl$Z2$F186681 $8I 996 $6245$aDictionnaire hagiographique ou vies des saints et des bienheureux, honorés en tout temps et en tous lieux, depuis la naissance du christianisme jusqu'a nos jours, avec un supplément ... Tome 1. A-I$9(OLS)http://semarc/title/323402 LEADER 00962nam a2200241 i 4500 001 000000188737 003 CaOOAMICUS 005 20100420000000.0 008 100420s1978 gw u000 u ger u 013 $a166956 020 $a3-7867-0674-3 040 $aSeMil$bita 100 1 $aWieland, Wolfgang <1943->.$0(OLS)http://semarc/name/69121 245 10$aOffenbarung bei Augustinus /$cWolfgang Wieland. 260 $aMainz :$bMatthias Grünewald,$ccopyr. 1978. 300 $a395 p. ;$c23 cm. 490 0 $aTübinger theologische Studien ;$v12 830 0$aTübinger theologische Studien ;$v12.$0(OLS)http://semarc/title/29847 850 $aSeMil 852 $aSeMil$W1$xVenegono$y1$m2T IV 152$j139374$B139374$CSeMilBibl$Z2$F150993 $81 996 $6020$a3-7867-0674-3$9(OLS)http://semarc/number/179371 996 $6245$aOffenbarung bei Augustinus$9(OLS)http://semarc/title/271660 996 $6260$aMainz :$bMatthias Grünewald$9(OLS)http://semarc/publisher/32193